| 000 | nam a22 7a 4500 | ||
|---|---|---|---|
| 999 |
_c232627 _d232627 |
||
| 003 | Nust | ||
| 005 | 20170221154944.0 | ||
| 008 | 170221b xxu||||| |||| 00| 0 eng d | ||
| 040 | _c0 | ||
| 082 | _a709.51 | ||
| 245 |
_aA Canon of Chinese Art _cContemporary world press |
||
| 260 |
_bContemporary world press _c2012 |
||
| 300 | _a258p | ||
| 942 |
_2ddc _cBK |
||